Stavebno-technologický projekt pre stavbu Lakeside Park 02, Bratislava

Na minha lista:
Detalhes bibliográficos
Autor principal: Kopecová, Boglárka (Author)
Outros Autores: Hulínová, Zdenka (Thesis advisor)
Formato: Manuscrito Livro
Idioma:eslovaco
Publicado em: 2024
Assuntos:
Acesso em linha:http://is.stuba.sk/zp/portal_zp.pl?podrobnosti=186482
https://opac.crzp.sk/?fn=detailBiblioForm&sid=9A7D98113A4E7D6F03AE72A0EB46
Tags: Adicionar Tag
Sem tags, seja o primeiro a adicionar uma tag!

MARC

LEADER 00000ntm a22000003a 4500
001 stuzp99008
003 SK-STU
005 20240924135012.8
007 ta
008 150427s2015----xo-----f-mn---000-0-slo-d
040 |a STU  |b slo 
041 0 |a slo 
100 1 |a Kopecová, Boglárka  |u 010270  |4 aut  |U SvF Stavebná fakulta  |T SvF Katedra technológie stavieb  |X 87659  |U V270  |Y 28  |7 87659 
242 0 1 |a Building technology project for construction Lakeside Park 02, Bratislava  |y eng 
245 1 0 |a Stavebno-technologický projekt pre stavbu Lakeside Park 02, Bratislava 
260 |c 2024 
650 4 |a stavebno-technologický projekt  |2 slo 
650 4 |a Lakeside Park 02  |2 slo 
650 4 |a vegetačná strecha  |2 slo 
650 4 |a building technology  |2 eng 
650 4 |a Lakeside Park 02  |2 eng 
650 4 |a vegetative roof  |2 eng 
700 1 |a Hulínová, Zdenka  |u 010270  |k Z8  |4 ths  |U SvF Stavebná fakulta  |T SvF Katedra technológie stavieb  |X 853  |U V270  |Y 28  |7 A000000853 
856 4 |u http://is.stuba.sk/zp/portal_zp.pl?podrobnosti=186482 
856 4 |u https://opac.crzp.sk/?fn=detailBiblioForm&sid=9A7D98113A4E7D6F03AE72A0EB46